Belvedere - Arte gotica - Panorama storico dell'arte (Record n. 90619)

Dettagli MARC
000 -LEADER
fixed length control field 01711nam a2200289Ia 4500
001 - CONTROL NUMBER
control field H6570
003 - CONTROL NUMBER IDENTIFIER
control field IT-RoPAU
008 - FIXED-LENGTH DATA ELEMENTS--GENERAL INFORMATION
fixed length control field 130308s9999 xx 000 0 und d
040 ## - CATALOGING SOURCE
Original cataloging agency IT-RoPAU
040 ## - CATALOGING SOURCE
Transcribing agency IT-RoPAU
041 ## - LANGUAGE CODE
Language code of text/sound track or separate title ITALIANO
100 ## - MAIN ENTRY--PERSONAL NAME
Personal name Bargellini Piero
100 ## - MAIN ENTRY--PERSONAL NAME
Miscellaneous information Codice Aut. SPICS: 58572
245 ## - TITLE STATEMENT
Title Belvedere - Arte gotica - Panorama storico dell'arte
245 ## - TITLE STATEMENT
Remainder of title Belvedere - Arte gotica - Panorama Storico dell'arte
250 ## - EDITION STATEMENT
Edition statement 1a ed.
260 ## - PUBLICATION, DISTRIBUTION, ETC. (IMPRINT)
Place of publication, distribution, etc. FIRENZE
260 ## - PUBLICATION, DISTRIBUTION, ETC. (IMPRINT)
Name of publisher, distributor, etc. Vallecchi
260 ## - PUBLICATION, DISTRIBUTION, ETC. (IMPRINT)
Date of publication, distribution, etc. 1960 [1° Ed.:1960 - Ed.Ling.Originale:1960]
300 ## - PHYSICAL DESCRIPTION
Extent "370 p. (prefazione: no ; testo: 370 [pagine: 0-0])"
500 ## - GENERAL NOTE
General note "Mura Aperte e Vita Movimentata. cattedrali Francesi e Architettura Cistercense. Giullare di Dio e Arte X Idioti. Chiesa di San Francesco e Piazza Coperta. pulpito Scolpito e sacra rappresentazione Pittorica. chiese Gemelle Epredicazione Fuor delle Mura. Confraternite Laicali e Arte rivelatrice Fatti della Fede. trionfo del Comune e Architettura Civile. Nicola e Giovanni Pisani, Arnolfo di cambio Colligiano. Bel San Giovanni e cenni di Pepo Detto Cimabue. Giotto di Bondone e sentimento Umano dell'arte . Duccio di Buoninsegna e Pittura Senese. Buonamico Buffalmacco e pittori minori D'Ogni Scuola. Fratelli Lorenzetti e sentimento della Natura. gotico Fiorito e Nuova Società Borghese. Duomo D'Orvieto e Diffusione gotico in Italia. Logge Aperte e Tabernacoli X le Vie. Camposanto di Pisa e Duomo di Milano. Indici: Riassunto del Volume; tavole a Colori; Illustrazioni in Nero; Nomi e Cose Notevoli."
650 ## - SUBJECT ADDED ENTRY--TOPICAL TERM
Topical term or geographic name as entry element STORIA UNIVERSALE DELLE ARTI VISIVE
650 ## - SUBJECT ADDED ENTRY--TOPICAL TERM
Relator term Codice materia Spics: 5009
942 ## - ADDED ENTRY ELEMENTS (KOHA)
Koha item type LIBRO
957 ## -
-- 1
999 ## - SYSTEM CONTROL NUMBERS (KOHA)
-- 1
Dati di copia
Withdrawn status Lost status Damaged status Not for loan Home library Current library Date acquired Total Checkouts Full call number Date last seen Price effective from Koha item type Public note
    Buone Condizioni Not For Loan SPICS-MEDIATECA SPICS-MEDIATECA 08/03/2013   H6570 08/03/2013 08/03/2013 LIBRO Progressivo inserimento: 22095 / N. Volumi: 1 Copie: 1 / data import: 1 marzo 2013 - By Epidotti, Trombetti, Vaglietti.
CREDITS: SOCIETA' SAN PAOLO Via A.Severo, 58 - ROMA (RM) & PERIODICI SAN PAOLO SRL Via Giotto, 36 MILANO & CISF Via Giotto, 36 MILANO & EDIZIONI SAN PAOLO SRL,  Piazza Soncino, 5 CINISELLO BALSAMO (MI) -- ITALY